Countries Closest to Serbia - One Minute Sprint - Statistics

General Stats
  • This quiz has been taken 203 times
    179 since last reset
  • The average score is 16 of 20
Answer Stats
km country miles % Correct
0 Croatia 0
99%
0 Bosnia and Herzegovina 0
97%
0 Bulgaria 0
95%
0 Romania 0
94%
0 Montenegro 0
92%
187 Slovenia 116
92%
0 Hungary 0
90%
38 Albania 24
89%
114 Greece 71
89%
0 Macedonia 0
87%
0 Kosovo 0
85%
189 Slovakia 117
85%
311 Italy 193
83%
218 Austria 136
77%
284 Ukraine 177
71%
435 Moldova 270
68%
313 Turkey 195
65%
333 Czechia 207
63%
334 Poland 208
57%
485 Germany 301
55%
No matching quizzes found
Score Distribution
Percent of People with Each Score
Percentile by Number Answered
Your Score History
You have not taken this quiz since the last reset